| 000 | 01450nam a2200313 c 4500 | ||
|---|---|---|---|
| 999 |
_c182621 _d182621 |
||
| 003 | BLK | ||
| 005 | 20220323153653.0 | ||
| 008 | 180411b bul|||||r ||||||| ||bul|| | ||
| 010 | _aKNG00191546000 | ||
| 040 | _aBLK | ||
| 041 |
_aBUL _cBUL |
||
| 080 |
_aБългарска литература _b821.163.2 _x-2 _z821.163.2-2 |
||
| 100 | 1 |
_aВолен, Илия _eпърви автор _gСтаменов, Марин Христов _9377031 |
|
| 139 |
_a[Десет] 10 радиопиеси _bД 45 |
||
| 245 | 1 | 0 |
_a[Десет] 10 радиопиеси _bСборник _cИлия Волен; състав. и ред. Банчо Рафаилов Банов; с предг. от Валентин Стойчев. |
| 257 | _aBGR | ||
| 260 |
_aСофия _bБълг. писател _c1981 _fВ. Търново : Д. Найденов |
||
| 300 |
_a280 с. _c21 см |
||
| 380 | _aX | ||
| 500 | _aДруги авт. : Е. Манов, Н. Русев, М. Величков, Д. Гулев, Ив. Остриков, Б. Априлов, Е. Марков, Д. Димитров, Св. Чорбаджиев | ||
| 659 | _aН | ||
| 700 | 1 |
_aБанов, Банчо Рафаилов _eсъстав. и ред. _9367298 |
|
| 700 | 1 |
_aСтойчев, Валентин _eс предг. от _9342979 |
|
| 852 | _aЦб 111967 | ||
| 856 | 4 | _qpdf | |
| 856 | 4 | _qpdf | |
| 942 |
_cKNG _n0 _01 _s1 |
||
| 944 |
_aCR _c05.10.2016 _kТеодора_Стоянова |
||
| 944 |
_aED _c05.10.2016 _kТеодора_Стоянова |
||
| 999 | _d182621 | ||